|
|
|
|
| LEADER |
00000nam0a2200000 4500 |
| 001 |
139927 |
| 005 |
20231101220827.0 |
| 010 |
|
|
|a 530800398X
|
| 020 |
|
|
|a RU
|b 90-13563
|
| 035 |
|
|
|a (RuTPU)RU\TPU\book\151592
|
| 090 |
|
|
|a 139927
|
| 100 |
|
|
|a 20080617d1990 m y0rusy5003 ca
|
| 101 |
0 |
|
|a rus
|
| 102 |
|
|
|a UA
|
| 105 |
|
|
|a c z 000ay
|
| 200 |
1 |
|
|a Русский лес
|e Роман
|f Л. М. Леонов
|g худож. В. В. Машков
|
| 210 |
|
|
|a Киев
|c Днiпро
|d 1990
|
| 215 |
|
|
|a 556,[1] с.
|c портр.
|d 22 см
|
| 610 |
1 |
|
|a Лесоводы в СССР
|
| 610 |
1 |
|
|a советская литература
|
| 610 |
1 |
|
|a романы
|
| 675 |
|
|
|a Р2
|z rus
|
| 700 |
|
1 |
|a Леонов
|b Л. М.
|c русский писатель
|f 1899-1994
|g Леонид Максимович
|2 stltpush
|3 (RuTPU)RU\TPU\pers\3666
|9 804
|
| 702 |
|
1 |
|a Машков
|b В. В.
|4 440
|
| 801 |
|
0 |
|a RU
|b RuMRKP
|c 19950417
|g psbo
|
| 801 |
|
1 |
|a RU
|b 63413507
|c 20080617
|g PSBO
|
| 801 |
|
2 |
|a RU
|b 63413507
|c 20080617
|g PSBO
|
| 942 |
|
|
|c BK
|